|
|
|
|
| LEADER |
01411nam a2200337 a 4500 |
| 001 |
28934 |
| 003 |
BD-DhAAL |
| 005 |
20150301112403.0 |
| 008 |
150301s2000 xxuab 000 1 eng |
| 010 |
|
|
|a 2008298428
|
| 020 |
|
|
|a 0028180135
|
| 040 |
|
|
|a DLC
|c DLC
|d BD-DhAAL
|
| 042 |
|
|
|a lcac
|
| 050 |
0 |
0 |
|a PZ7.H1828
|b Ho 2007
|
| 082 |
0 |
0 |
|a 823.087208
|2 22
|
| 100 |
1 |
|
|a Hamilton, Virginia,
|d 1936-2002.
|9 8867
|
| 245 |
1 |
4 |
|a The house of Dies Drear and related readings/
|c Virginia Hamilton.
|
| 260 |
|
|
|a New York :
|b Glence/McGraw-Hill,
|c c2000.
|
| 300 |
|
|
|a iv, 185 p. :
|b ill., map ;
|c 22 cm.
|
| 490 |
0 |
|
|a The exchange
|
| 500 |
|
|
|a Sequel: The mystery of Drear House.
|
| 520 |
|
|
|a An African American family tries to unravel the secrets of their new home in Ohio which was once an important station on the Underground Railroad.
|
| 541 |
|
|
|e 28934
|
| 650 |
|
0 |
|a African Americans
|v Juvenile fiction.
|9 8868
|
| 650 |
|
1 |
|a African Americans
|v Fiction.
|9 7008
|
| 650 |
|
1 |
|a Mystery and detective stories.
|9 7059
|
| 650 |
|
1 |
|a Underground Railroad
|v Fiction.
|9 8869
|
| 651 |
|
1 |
|a Ohio
|x History
|y 20th century
|v Fiction.
|9 8870
|
| 942 |
|
|
|2 ddc
|c BK
|
| 999 |
|
|
|c 33828
|d 33828
|
| 952 |
|
|
|0 0
|1 0
|2 ddc
|4 0
|6 823_087208000000000_HAM
|7 0
|9 52816
|a BRACUL
|b BRACUL
|c GEN
|d 2015-03-01
|e BRAC Institute of Language (BIL)
|l 2
|m 8
|o 823.087208 HAM
|p 3010028934
|r 2025-07-20
|s 2025-07-13
|t 1
|w 2015-03-01
|y BK
|x Transferred from BIL to BRACUL on 06/06/22
|